00345nam a2200145Ia 4500008004100000041000800041082000800049100001800057245003400075250000800109260004700117300000800164365000800172999001900180231011s9999 xx 000 0 und d aeng a332 aShaikh Saleem aBusiness Environment [Shaikh] a2nd bPearson Education (PTE)Ltd.New Delhi Delhi a802 b380 c892489d892489